Bài giảng mô phôi

Spremljeno u:
Bibliografski detalji
Glavni autor: Phạm Quang Địch
Format: Knjiga
Jezik:Undetermined
Izdano: Hà Nội Y học 1985
Teme:
Oznake: Dodaj oznaku
Bez oznaka, Budi prvi tko označuje ovaj zapis!
Thư viện lưu trữ: Trung tâm Học liệu Trường Đại học Cần Thơ
LEADER 00473nam a2200181Ia 4500
001 CTU_9103
008 210402s9999 xx 000 0 und d
082 |a 591.824 
082 |b B450 
100 |a Phạm Quang Địch 
245 0 |a Bài giảng mô phôi 
245 0 |c Phạm Quang Địch 
260 |a Hà Nội 
260 |b Y học 
260 |c 1985 
650 |a histology 
904 |i Minh, 960924 
980 |a Trung tâm Học liệu Trường Đại học Cần Thơ